Základ: Spotřební zboží. Veletrh není jenom uzavírání obchodních transakcí. Pohled marketingového pracovníka.

Výstavy - ako nástroj reklamy. Obchodný plán, obsah plánu - náklady na zavedenie výroby, náklady na výrobu a odbyt a iné. Analýza trhu. Cieľový trh - stanovenie veľkosti trhu, okruh spotrebiteľov a zákazníkov. Výskum trhu, analýza trhu a sociologický prieskum. Spotrebiteľský dopyt v ČR a SR. Sledova...

Descripción completa

Guardado en:
Detalles Bibliográficos
Autor principal: Böhm, V.
Formato: Capítulo de libro
Lenguaje:checo
Materias:
Etiquetas: Agregar Etiqueta
Sin Etiquetas, Sea el primero en etiquetar este registro!

MARC

LEADER 00000naa a2200000 4500
001 r012626
005 20220826092616.2
041 0 |a cze 
044 |a CZ 
245 1 0 |a Základ: Spotřební zboží.  |b Veletrh není jenom uzavírání obchodních transakcí. Pohled marketingového pracovníka.  |c V. Böhm 
520 |a Výstavy - ako nástroj reklamy. Obchodný plán, obsah plánu - náklady na zavedenie výroby, náklady na výrobu a odbyt a iné. Analýza trhu. Cieľový trh - stanovenie veľkosti trhu, okruh spotrebiteľov a zákazníkov. Výskum trhu, analýza trhu a sociologický prieskum. Spotrebiteľský dopyt v ČR a SR. Sledovanie informácií o konkurencii. Zdroje marketingových informácií. Monitorovanie trhu. Bankové informácie. 
610 2 0 |a veľtrhy 
610 2 0 |a marketing 
610 2 0 |a tovar spotrebný 
100 1 |a Böhm, V.